Obálka Náhled e-knihy:
PDF
Pro půjčování e-knih musíte být přihlášeni.
Jak si půjčit online?

Dexter Procter: Desaťročný lekár /

Dexter je od narodenia neobyčajný. Začal rozprávať, už keď mal štyri sekundy a v piatich rokoch zložil osemdesiatšesť maturitných skúšok. A teraz ako desaťročný nastúpil do svojej prvej práce – ako lekár. Nemá to však ľahké – dospeláci ho podceňujú a žiarlivý kolega doktor Drake sa usilovne snaží, a...

Celý popis

Uloženo v:
Hlavní autor: Kay, Adam (Autor)
Médium: E-kniha
Jazyk:Czech
Vydáno: Praha : Albatros Media Slovakia s.r.o., 2025
Tagy:
Žádné tagy
LEADER 01503nam a22002297i 4500
001 302713
007 ta
008 260514s2025 xr ||||| |||| 00| 0 cze d
020 |a 9788056649084 
044 |a xr 
100 1 |a  Kay, Adam  |4 aut 
245 1 0 |a Dexter Procter: Desaťročný lekár /  |c  Kay, Adam 
240 1 0 |a Dexter Procter the 10-Year-Old Doctor 
264 1 |a Praha :  |b Albatros Media Slovakia s.r.o.,  |c 2025 
300 |a 1 online zdroj (424 stran) 
336 |a text  |b txt  |2 rdacontent 
337 |a bez média  |b n  |2 rdamedia 
338 |a online zdroj  |b cr  |2 rdacarrier 
520 2 |a Dexter je od narodenia neobyčajný. Začal rozprávať, už keď mal štyri sekundy a v piatich rokoch zložil osemdesiatšesť maturitných skúšok. A teraz ako desaťročný nastúpil do svojej prvej práce – ako lekár. Nemá to však ľahké – dospeláci ho podceňujú a žiarlivý kolega doktor Drake sa usilovne snaží, aby Dextera vyhodili. V Dexterovej bývalej škole sa navyše objavil závažný problém: všetci učitelia dostali hroznú hnačku. Udrží si Dexter prácu, zachráni školu a nájde svoje miesto vo svete? 
910 |a RBIT002 
998 |d 426970  |a https://core.palmknihy.cz/api/books/426970/cover?tesgi6  |b https://core.palmknihy.cz/api/books/426970/cover/400?tesgi6  |c https://core.palmknihy.cz/api/books/426970/cover/50?tesgi6  |e 2030-12-17  |g 424  |i 9788056649084  |k https://core.palmknihy.cz/api/books/426970/preview.pdf  |l   |q 49  |r 1  |s https://www.palmknihy.cz/kniha/426970  |t ebook  |y 2025  |z 1 
999 |d 302711